[Event "Moscow op-B"]
[Site "Moscow"]
[Date "2009.11.20"]
[Round "1"]
[White "Mifodovsky, Valery"]
[Black "Savchuk, Vladimir"]
[Result "1-0"]
[WhiteElo "1400"]
[BlackElo "2081"]
[PlyCount "115"]
[EventDate "2009.01.31"]
[EventType "swiss"]
[EventRounds "9"]
[EventCountry "RUS"]
[SourceTitle "EXT 2012"]
[Source "ChessBase"]
[SourceDate "2011.11.24"]
[SourceVersion "1"]
[SourceVersionDate "2011.11.24"]
[SourceQuality "1"]

1. e4 c5 2. Nf3 Nc6 3. c4 g6 4. Nc3 Bg7 5. Be2 d6 6. h3 Nf6 7. 0-0 0-0 8. d3 Bd7 9. Be3 Rb8 10. d4 cxd4 11. Nxd4 Nxd4 12. Bxd4 a5 13. f4 Bc6 14. Bf3 Nd7 15. Bxg7 Kxg7 16. Qd4+ Kg8 17. e5 dxe5 18. fxe5 Qb6 19. Qxb6 Nxb6 20. b3 Nd7 21. Rfe1 Nc5 22. Rad1 Rfd8 23. Nd5 Kf8 24. Nf4 e6 25. h4 Bxf3 26. gxf3 h5 27. Kf2 Ke7 28. Ke3 b6 29. Ne2 a4 30. b4 Nd7 31. f4 Rbc8 32. Rd4 Nb8 33. Rxd8 Kxd8 34. Rc1 Nc6 35. a3 Kc7 36. Nc3 Ne7 37. Nb5+ Kb8 38. Nd6 Rc7 39. Kd3 Nf5 40. Nxf5 gxf5 41. Rg1 Rd7+ 42. Kc3 Kc7 43. b5 Kd8 44. Rg3 Rc7 45. Rd3+ Kc8 46. Rd6 Kb7 47. Rd8 f6 48. exf6 Rf7 49. Rh8 Rxf6 50. Rh7+ Kb8 51. Rxh5 Rf7 52. Rh6 Re7 53. h5 Kb7 54. Rg6 e5 55. h6 exf4 56. Rg7 Rc7 57. Rxc7+ Kxc7 58. h7 1-0

[Event "Moscow op-B"]
[Site "Moscow"]
[Date "2009.02.07"]
[Round "8"]
[White "Khorsun, Vsevolod"]
[Black "Mifodovsky, Valery"]
[Result "1/2-1/2"]
[WhiteElo "1715"]
[BlackElo "1400"]
[PlyCount "70"]
[EventDate "2009.01.31"]
[EventType "swiss"]
[EventRounds "9"]
[EventCountry "RUS"]
[SourceTitle "EXT 2023"]
[Source "ChessBase"]
[SourceDate "2022.10.05"]
[SourceVersion "1"]
[SourceVersionDate "2022.10.05"]
[SourceQuality "1"]

1. d4 Nf6 2. Nc3 d5 3. Bg5 e6 4. e4 dxe4 5. Nxe4 Be7 6. Bxf6 Bxf6 7. Nf3 0-0 8. c3 b6 9. Bd3 Bb7 10. Qc2 h6 11. h4 Nd7 12. Neg5 Bxf3 13. gxf3 Bxg5 14. hxg5 Qxg5 15. Be4 Rad8 16. Ke2 f5 17. Rag1 Qf6 18. Bd3 c5 19. Qd2 Kh7 20. Rg2 cxd4 21. cxd4 Nb8 22. Rhg1 Rf7 23. Rg6 Qxg6 24. Rxg6 Kxg6 25. Bb5 a6 26. Ba4 b5 27. Bb3 Nc6 28. d5 exd5 29. Qf4 Kh7 30. Kf1 g6 31. Qe3 Rfd7 32. Qb6 Nb8 33. a4 bxa4 34. Bxa4 Rd6 35. Qc7+ Kh8 1/2-1/2

[Event "Moscow op-B"]
[Site "Moscow"]
[Date "2009.02.05"]
[Round "6"]
[White "Krutov, Sergey"]
[Black "Mifodovsky, Valery"]
[Result "1-0"]
[WhiteElo "1899"]
[BlackElo "1400"]
[PlyCount "69"]
[EventDate "2009.01.31"]
[EventType "swiss"]
[EventRounds "9"]
[EventCountry "RUS"]
[SourceTitle "EXT 2012"]
[Source "ChessBase"]
[SourceDate "2011.11.24"]
[SourceVersion "1"]
[SourceVersionDate "2011.11.24"]
[SourceQuality "1"]

1. e4 c5 2. c3 d5 3. exd5 Qxd5 4. d4 e5 5. dxe5 Qxe5+ 6. Qe2 Qxe2+ 7. Bxe2 Nf6 8. Nf3 Be7 9. Na3 a6 10. Nc4 Nbd7 11. Bg5 b5 12. Bxf6 Nxf6 13. Nb6 Rb8 14. Nxc8 Rxc8 15. a4 c4 16. axb5 axb5 17. Nd4 b4 18. Nf5 bxc3 19. bxc3 g6 20. Nxe7 Kxe7 21. 0-0 Ne4 22. Bg4 f5 23. Rfe1 Kf6 24. Rxe4 fxe4 25. Bxc8 Rxc8 26. Kf1 Rc5 27. Ke2 Ke5 28. Ra4 h5 29. h4 Kf5 30. Ke3 Ke5 31. g3 Kd5 32. Ra6 Rb5 33. Rxg6 Rb1 34. Rg5+ Kd6 35. Kxe4 1-0

[Event "Moscow op-B"]
[Site "Moscow"]
[Date "2009.02.04"]
[Round "5"]
[White "Mifodovsky, Valery"]
[Black "Paravyan, David"]
[Result "0-1"]
[WhiteElo "1400"]
[BlackElo "2021"]
[PlyCount "50"]
[EventDate "2009.01.31"]
[EventType "swiss"]
[EventRounds "9"]
[EventCountry "RUS"]
[SourceTitle "EXT 2012"]
[Source "ChessBase"]
[SourceDate "2011.11.24"]
[SourceVersion "1"]
[SourceVersionDate "2011.11.24"]
[SourceQuality "1"]

1. e4 e5 2. Nf3 Nc6 3. Bc4 Bc5 4. c3 Nf6 5. d4 exd4 6. cxd4 Bb4+ 7. Bd2 Bxd2+ 8. Nbxd2 d5 9. exd5 Nxd5 10. h3 0-0 11. 0-0 Nf4 12. Nb3 Qf6 13. Kh2 Qh6 14. Ng1 Rd8 15. Qd2 Ne5 16. Be2 Rd6 17. Qe3 Rg6 18. dxe5 Rxg2+ 19. Kh1 Rxg1+ 20. Rxg1 Bxh3 21. Kh2 Be6+ 22. Kg3 Qg5+ 23. Kf3 Bd5+ 24. Qe4 Bxe4+ 25. Kxe4 Ng2 0-1